Leader xxxxxxxxxx
001 __ PCLIS00002205
005 __ 20230320145115.0
010 0_ |a957-13-0759-9|b平裝|dNT$220
100 __ |a19870509d1993 m y1chiy09 e
101 1_ |achi|cjpn
102 __ |atw
105 __ |ay z 000ay
200 1_ |a國境之南、太陽之西|f村上春樹著|g賴明珠譯
205 __ |a初版
210 __ |a臺北市|c時報文化|d1993[民82]
215 0_ |a238面|d21公分
225 1_ |a藍小說|v902
225 2_ |a村上春樹作品集
300 __ |a小說
300 __ |a日本文學-現代小說
300 __ |a本館最新館藏為2016年四十九刷
410 _0 |12001 |a村上春樹作品集
454 _0 |12001 |a國境ソ南.太陽ソ西|zjpn
517 1_ |a國境之南.太陽之西|zchi
606 __ |2cst|a長篇小說
681 __ |a861.57|b8354
681 __ |a861.57|b8476 88 V.902 c1
681 __ |a861.57|b8476 88
681 __ |a861.57|b8476 88 V.902
700 _1 |a村上|b春樹|f1949- |4著
702 _1 |a賴|b明珠|f1947- |4譯
801 _0 |atw|b內湖高中|c20010622
801 _0 |atw|b內湖高中|c20160421|gCCR
801 _2 |atw|b內湖高中|c20230320|gCCR
|